| 000 | 00436nam a22001337a 4500 | ||
|---|---|---|---|
| 082 |
_a625.85 _bASP _cL-21, P-41. |
||
| 100 |
_aThe Asphalt Institute. _920237 |
||
| 245 |
_aAsphalt surface treatments and asphalt penetration macadam. _cThe Asphalt Institute. _bMS-13 |
||
| 260 |
_aMaryland. _bThe Asphalt Institute. _c1964. |
||
| 300 | _axvi, 220 p.: | ||
| 526 |
_a0 _b0 _c0 _d625_850000000000000_ASP |
||
| 650 |
_aMCE _9379 |
||
| 942 |
_2ddc _cBK |
||
| 999 |
_c547750 _d547750 |
||